[Event "Osasco op"]
[Site "Osasco"]
[Date "2023.12.02"]
[Round "3"]
[White "Sarinho, Rafael Sato"]
[Black "Parijos de Melo, Luiz Claudio"]
[Result "0-1"]
[WhiteElo "1800"]
[BlackElo "1762"]
[PlyCount "116"]
[EventDate "2023.12.01"]
[EventType "swiss"]
[EventRounds "6"]
[EventCountry "BRA"]
[SourceTitle "CB50_2023"]
[SourceDate "2023.12.13"]
[SourceVersion "1"]
[SourceVersionDate "2023.12.13"]
[SourceQuality "1"]

1. e4 c5 2. Nf3 e6 3. d4 cxd4 4. Nxd4 Nf6 5. Nc3 Bb4 6. Bd3 Nc6 7. Nxc6 bxc6 8. Bg5 Qa5 9. Qd2 Nxe4 10. Bxe4 d5 11. Bf3 0-0 12. 0-0 d4 13. Qxd4 Bxc3 14. Qxc3 Qxg5 15. Bxc6 Rb8 16. Rfe1 Ba6 17. Ba4 Rfc8 18. Qa3 Bb7 19. Qg3 Qxg3 20. hxg3 Bd5 21. Bb3 Bxb3 22. axb3 Rxc2 23. Rxa7 Rxb2 24. Re3 Kf8 25. Ra3 Rb5 26. g4 Rb7 27. Rh3 h6 28. Rf3 Ke7 29. Kh2 Kd6 30. Rf4 e5 31. Rf3 f6 32. Re3 Rxf2 33. Kg3 Rf4 34. Ra8 Rfb4 35. Ra3 Kd5 36. Rf3 Kd4 37. Kf2 e4 38. Re3 g6 39. Ra4 f5 40. gxf5 gxf5 41. g3 Rxa4 42. bxa4 Rb2+ 43. Ke1 Kxe3 44. Kd1 Ra2 45. Kc1 Kf3 46. Kb1 Rxa4 47. Kb2 Kxg3 48. Kb3 Rd4 49. Kc3 Rd3+ 50. Kc2 h5 51. Kc1 h4 52. Kc2 h3 53. Kc1 h2 54. Kc2 Rf3 55. Kd2 h1R 56. Ke2 Rh2+ 57. Ke1 Ra3 58. Kf1 Ra1# 0-1